| 000 | 00379nam a2200145Ia 4500 | ||
|---|---|---|---|
| 008 | 230917s9999||||xx |||||||||||||| ||und|| | ||
| 040 |
_e73767 _aMAIN |
||
| 041 | _aEnglish | ||
| 082 | _a658.4 G522M | ||
| 100 | _aGlueck, William F | ||
| 245 | 0 | _aManagerial experience: Cases, exercises and readings | |
| 260 |
_aillinois _bDryden _c1977 |
||
| 300 | _avii, 224 p. | ||
| 942 | _cBK | ||
| 999 |
_c196165 _d196165 |
||